| 000 | 01382cam a22003977a 4500 | ||
|---|---|---|---|
| 003 | CHAP | ||
| 005 | 20220329142055.0 | ||
| 008 | 990527d1997 mx r 00110 spa d | ||
| 010 | _a77997 | ||
| 011 | _a78969 | ||
| 035 | _a89085 | ||
| 040 | _cCHAP | ||
| 082 | 0 | 4 |
_a333.72 _bG72Y |
| 100 | 0 | 0 |
_aGrant, William E. _950435 |
| 245 | 1 | 0 |
_aEcología y manejo de recursos naturales : _banálisis de sistemas y simulación _c/por William E. Grant, Sandra L. Marín y Ellen K. Pedersen |
| 260 |
_a(s.l.) _b(s.e.), _c1997. |
||
| 300 |
_a315 p. : _bgráfs. |
||
| 500 | _aFotocopia | ||
| 590 |
_aBATCH-UPD _b10 _c20130110 _lUCH01 _h0243 |
||
| 590 |
_aBATCH-UPD _b10 _c20130110 _lUCH01 _h1004 |
||
| 590 |
_aBATCH-UPD _b10 _c20130409 _lUCH01 _h2313 |
||
| 590 |
_aBATCH-UPD _b10 _c20130410 _lUCH01 _h1311 |
||
| 590 |
_aBATCH-UPD _b10 _c20130914 _lUCH01 _h0351 |
||
| 590 |
_aCONVERSION _b10 _c20130109 _lUCH01 _h1343 |
||
| 650 | 1 | 4 |
_aAnálisis de sistemas. _95976 |
| 650 | 1 | 4 |
_aEcología _xModelos matemáticos. _935156 |
| 650 | 1 | 4 |
_aRecursos naturales _xAdministración. _995175 |
| 650 | 1 | 4 |
_aRecursos naturales _xUtilización. _995321 |
| 650 | 1 | 4 |
_aSimulación. _9106523 |
| 700 | 0 |
_aMarín, Sandra L. _971529 |
|
| 700 | 0 |
_aPedersen, Ellen K. _986518 |
|
| 901 | _aBK | ||
| 905 | _aAlejandra Carrasco M. | ||
| 942 | _cLIBRO | ||
| 949 |
_a333.72 G72Y _bBC _cLIBRO _d33724000732418 _eLIBRO _h95366 _i89085 _si |
||
| 999 |
_c77997 _d77997 |
||